Narración histórica de la guerra de Chile contra el Perú y Bolivia

Sparad:
Bibliografiska uppgifter
Huvudupphovsman: Paz Soldán, Mariano Felipe (autor)
Materialtyp: Bok
Språk:spanska
Publicerad: Lima Milla Batres 1979
Ämnen:
Taggar: Lägg till en tagg
Inga taggar, Lägg till första taggen!

MARC

LEADER 00000nam a2200000 a 4500
001 UCK0416
003 CL-VaPUC
008 041001e19790000PE |||||||||||||||||spa|d
082 0 4 |a 980.031  |b PAZ  |2 21 
100 |a Paz Soldán, Mariano Felipe  |e autor  |9 514666 
245 1 0 |a Narración histórica de la guerra de Chile contra el Perú y Bolivia 
300 |a v 
942 |c BK 
945 |d 20041001 00:00:00  |a cmena 
260 |a Lima  |b Milla Batres  |c 1979 
500 |a v.1: antecedentes y declaración de guerra. La campaña marítima 
500 |a v.2: La campaña del sur 
500 |a v.3: Campaña sobre Lima 
650 7 |a HISTORIA DE AMERICA DEL SUR  |2 CL-VaPUC  |9 488353 
650 0 |a Guerra del Pacífico  |9 314886 
650 0 |a Tratados internacionales   |9 256056 
651 7 |a CHILE  |2 CL-VaPUC  |9 488354 
651 0 |a Bolivia  |9 255454 
651 0 |a Perú  |9 256567 
583 |a last modification  |c 20130306 11:19:26  |k Rodrigo Vera 
999 |c 310867  |d 310865 
952 |0 0  |1 0  |4 0  |6 980_031000000000000_PAZ_1979  |7 0  |8 A  |9 379900  |a BIBHIS  |b BIBHIS  |d 2019-11-21  |h v.1  |i 4067290  |o 980.031 PAZ 1979  |p 4067290  |r 2025-01-20  |w 2019-11-21  |y BK  |k HIS 
952 |0 0  |1 0  |4 0  |6 980_031000000000000_PAZ_1979  |7 0  |8 A  |9 379901  |a BIBHIS  |b BIBHIS  |d 2019-11-21  |h v.2  |i 4067304  |o 980.031 PAZ 1979  |p 4067304  |r 2025-01-20  |w 2019-11-21  |y BK  |k HIS 
952 |0 0  |1 0  |4 0  |6 980_031000000000000_PAZ_1979  |7 0  |8 A  |9 379902  |a BIBHIS  |b BIBHIS  |d 2019-11-21  |h v.3  |i 4067312  |o 980.031 PAZ 1979  |p 4067312  |r 2025-01-20  |w 2019-11-21  |y BK  |k HIS 
952 |0 0  |1 0  |4 0  |6 980_031000000000000_PAZ_1979  |7 0  |8 A  |9 379903  |a BIBHIS  |b BIBHIS  |d 2019-11-21  |h v.1  |i 4723112  |o 980.031 PAZ 1979  |p 4723112  |r 2025-01-20  |w 2019-11-21  |y BK  |k HIS 
952 |0 0  |1 0  |4 0  |6 980_031000000000000_PAZ_1979  |7 0  |8 A  |9 379904  |a BIBHIS  |b BIBHIS  |d 2019-11-21  |h v.2  |i 4723120  |o 980.031 PAZ 1979  |p 4723120  |r 2025-01-20  |w 2019-11-21  |y BK  |k HIS 
952 |0 0  |1 0  |4 0  |6 980_031000000000000_PAZ_1979  |7 0  |8 A  |9 379905  |a BIBHIS  |b BIBHIS  |d 2019-11-21  |h v.3  |i 4723139  |o 980.031 PAZ 1979  |p 4723139  |r 2025-01-20  |w 2019-11-21  |y BK  |k HIS